|
|
|
|
| LEADER |
00000nab a2200000 a 4500 |
| 001 |
vtls000832766 |
| 003 |
SK-MaSNL |
| 005 |
20260304172720.0 |
| 008 |
250526c2003 xo 0 slo |
| 015 |
|
|
|a SNBRB2003/04-12498
|
| 035 |
|
|
|a CLN000184421
|
| 035 |
|
|
|a urn:nbn:sk:snk-ab2aq1
|
| 035 |
|
|
|a (urnnbn)urn:nbn:sk:snk:ar-a021ar
|
| 035 |
|
|
|a (uuid)6523224a-7ada-4278-b8b8-85a205b5390f
|
| 040 |
|
|
|a SNKBUCL
|b slo
|c SNKBUCL
|e AACR2
|
| 041 |
0 |
|
|a slo
|
| 044 |
|
|
|a xo
|c SK
|
| 080 |
|
|
|a 796.56.093.1(4):630-051
|2 1997
|
| 100 |
1 |
|
|a Prékop, Juraj
|4 aut
|9 14597
|
| 245 |
1 |
0 |
|a V jantárovej krajine sa našim orientačným bežcom darilo
|b zlato, striebro a bronz z Majstrovstiev Európy
|c Juraj Prékop
|
| 300 |
|
|
|b Fotogr.
|
| 611 |
1 |
7 |
|a Majstrovstvá Európy lesníkov v orientačnom behu
|d 2002
|c Litva, Estónsko
|2 snkbucl
|9 1502381
|
| 648 |
|
7 |
|a 2002
|2 SNK
|9 299607
|
| 650 |
0 |
7 |
|a majstrovstvá Európy
|2 SNK
|9 449570
|
| 650 |
0 |
7 |
|a orientačný beh
|2 SNKPH
|9 23503
|
| 650 |
0 |
7 |
|a lesníci
|2 SNKPH
|9 27497
|
| 655 |
|
7 |
|a články z novín a časopisov
|2 SNK
|9 267496
|
| 773 |
0 |
|
|t Les
|g Roč. 59, č. 1 (2003), s. 26-27
|x 0323-0996
|
| 850 |
|
|
|a Slovenská národná knižnica
|
| 852 |
|
|
|a Slovenská národná knižnica
|
| 954 |
|
|
|a odborná, vedecká literatúra pôvodná (slovenská)
|2 lita
|
| 958 |
|
|
|a ONDV
|
| 958 |
|
|
|a article2022
|
| 992 |
|
|
|a RBX
|
| 999 |
|
|
|c 2999861
|d 3001791
|